| 000 | 00586nam a22001937a 4500 | ||
|---|---|---|---|
| 003 | OSt | ||
| 005 | 20250908184544.0 | ||
| 008 | 250908b |||||||| |||| 00| 0 sp d | ||
| 040 |
_acunsuroc _besp _canacap |
||
| 082 |
_26ed _aD340 P649:6 |
||
| 100 |
_aPineda Sandoval, Melvin Adilio _915466 |
||
| 245 |
_aDerecho Mercantil _cPineda Sandoval, Melvin Adilio |
||
| 250 | _a6ed | ||
| 260 |
_aGuatemala: _bEdit Serviprensa, _c2015 |
||
| 300 |
_a175p. _c; 20.5 cm. |
||
| 365 |
_b1 _d20.00 _jgt |
||
| 650 | _2Derecho Mercantil | ||
| 942 |
_2ddc _cBK _e6ed _hD340 P649:6 _n0 |
||
| 999 |
_c6725 _d6725 |
||